书目信息 |
| 题名: |
现代综合评价方法与案例精选
|
|
| 作者: | 杜栋 编著 | |
| 分册: | ||
| 出版信息: | 北京 清华大学出版社 2008.06 |
|
| 页数: | 219页 | |
| 开本: | 21cm | |
| 丛书名: | ||
| 单 册: | ||
| 中图分类: | F224.12 | |
| 科图分类: | ||
| 主题词: | 经济分析--计算 , 经济技术分析 | |
| 电子资源: | ||
| ISBN: | 978-7-302-17755-5 | |
| 000 | 00690nam0 2200229 450 | |
| 001 | 0855162418 | |
| 005 | 20081225093313.90 | |
| 010 | @a978-7-302-17755-5@dCNY28.00 | |
| 100 | @a20081224d2008 km y0chiy0120 ea | |
| 101 | 0 | @achi |
| 102 | @aCN@b110000 | |
| 200 | 1 | @a现代综合评价方法与案例精选@Axian dai zong he ping jia fang fa yu an li jing xuan@f杜栋等编著@Fdu dong deng bian zhu |
| 205 | @a2版 | |
| 210 | @a北京@c清华大学出版社@d2008.06 | |
| 215 | @a219页@d21cm | |
| 300 | @a管理科学与工程专业研究生系列教材 | |
| 606 | 0 | @a经济分析@x计算 |
| 606 | 0 | @a经济技术分析 |
| 690 | @aF224.12@v4 | |
| 701 | 0 | @a杜栋@Adu dong@4编著 |
| 801 | 0 | @aCN@bNISOFT@c20081225 |
| 905 | @aBZT@dF224.12@e1 | |
| 现代综合评价方法与案例精选/杜栋等编著.-2版.-北京:清华大学出版社,2008.06 |
| 219页;21cm |
| 管理科学与工程专业研究生系列教材 |
| ISBN 978-7-302-17755-5:CNY28.00 |
| ● |
| 相关链接 |
|
|
|
正题名:现代综合评价方法与案例精选
索取号:F224.12/1
 
预约/预借
| 序号 | 登录号 | 条形码 | 馆藏地/架位号 | 状态 | 备注 |
| 1 | 694142 | 2000694142 | 样本书库/样007架A面2层2列/ [索取号:F224.12/1] | 在馆 | |
| 2 | 694143 | 2000694143 | 中心书库北库/ 北库008架A面2列1层9/ [索取号:F224.12/1] | 在馆 | |
| 3 | 694144 | 2000694144 | 中心书库北库/ 北库008架A面2列1层8/ [索取号:F224.12/1] | 在馆 | |
| 4 | 694145 | 2000694145 | 中心书库北库/ 北库008架A面2列1层7/ [索取号:F224.12/1] | 在馆 | |
| 5 | 694146 | 2000694146 | 中心书库北库/ 北库008架A面2列1层6/ [索取号:F224.12/1] | 在馆 |